Environmental management (Record no. 1324)
[ view plain ]
| 000 -LEADER | |
|---|---|
| Fixed length control field | 00427nam a2200157 4500 |
| 003 - CONTROL NUMBER IDENTIFIER | |
| Control field | SEACOMEC |
| 005 - DATE AND TIME OF LATEST TRANSACTION | |
| Control field | 20240611123037.0 |
| 008 - FIXED-LENGTH DATA ELEMENTS--GENERAL INFORMATION | |
| Fixed length control field | 240611b |||||||| |||| 00| 0 eng d |
| 020 ## - INTERNATIONAL STANDARD BOOK NUMBER / ISBN | |
| International Standard Book Number | 8188429554 |
| Price | 400.00 |
| 040 ## - CATALOGING SOURCE | |
| Original cataloging agency | SEACOMEC |
| 082 ## - DEWEY DECIMAL CLASSIFICATION NUMBER | |
| Classification number | 333.7068 |
| Book Number | V684 |
| 100 ## - MAIN ENTRY--PERSONAL NAME | |
| Personal name | Vigneswaran, S |
| 245 ## - TITLE STATEMENT | |
| Title | Environmental management |
| Statement of responsibility | S. Vigneswaran, ..[et al.]. |
| 260 ## - IMPRINT | |
| Place of publication | New Delhi, Scitech Publications, c2004. |
| 942 ## - ADDED ENTRY ELEMENTS (KOHA) | |
| Koha item type | Books |
| Withdrawn status | Lost status | Source of classification | Damaged status | Not for loan | Home library | Current library | Date acquired | Total Checkouts | Call number | Accession number | Date last seen | Price effective from | Koha item type |
|---|---|---|---|---|---|---|---|---|---|---|---|---|---|
| Dewey Decimal Classification | SEACOM ENGINEERING COLLEGE | SEACOM ENGINEERING COLLEGE | 11/06/2024 | 333.7068 V684 | 5595 | 11/06/2024 | 11/06/2024 | Books |
